Statistics for Big Bang Theory Last Names Quiz

Click here to take the quiz!

General Stats

  • This quiz has been taken 35 times
  • The average score is 4 of 7

Answer Stats

HintAnswer% Correct
SheldonCooper
100%
HowardWolowitz
81%
AmyFowler
68%
LeonardHofstadter
48%
RajKoothrappali
35%
BernadetteRostenkowski
35%
StuBloom
23%

Score Distribution

Percentile by Number Answered

Percent of People with Each Score

Your Score History

You have not taken this quiz